000 00735nam a22002777a 4500
001 BR9703637
003 BR-BrBNA
005 20230928095707.0
007 ta
008 230509b bl.||||| |||| 00| 0 por d
040 _aBR-BrBNA
_bpor
_cBiblioteca Nacional de Agricultura
041 _a(Por)
072 _aE16; E14
090 _ E16 BR9703637
110 1 _aMinisterio da Agricultura e do Abastecimento, Brasilia, DF (Brasil)
_96726
245 1 _aRegras para safra 1997/98
260 3 _aBrasilia, DF (Brasil):
_c1997.
300 _a35 p.
650 _aSafra
650 _aPolitica Agricola
650 _aCredito
650 _aPreco
650 _aProjeto Agricola
909 _a202309
_bLucia
_c55
_dLucia Elande
942 _cBK
999 _c58122
_d58122